00701 a2200205 4500001000700000020001800007020001000025041000800035050001400043082001000057100002000067490001100087520018700098856002400285040002100309245006900330260004000399300002200439700003400461116455 a9780763664237 qbroch aeng aSDC 37479 a[Fic] aMcDonald, Megan aStink  aAfter second-grader Stink gets an unsatisfactory grade in physical education his parents tell him he must play a sport, and so he masters thumb wrestling, as seen on a sports channel u000004/00000425.jpg aBTCTAdBR-BrIDEA10aStink and the ultimate thumb-wrestling smackdowncMegan McDonald aSomerville, Mass.bCandlewickc2013 a128 p.bcol. ill. aReynolds, Peter Heilustrador